| 000 | 02186nam a22001577a 4500 | ||
|---|---|---|---|
| 041 | _aukr | ||
| 080 | _a09 | ||
| 090 | _bГОН | ||
| 100 | _aГончар, Т. М. | ||
| 245 | _aІнтерактивні технології як ефективний засіб навчання комунікації на уроках англійської мови | ||
| 260 |
_aОстрог _bКАФ _c2014 |
||
| 300 | _a101 | ||
| 520 |
_aВступ.
Розділ І. Розвиток комунікативних навичок учнів на уроках із застосуванням інтерактивних технологій.
1.1. Комунікативна спрямованість навчання англійської мови в середній школі
1.2. Формування соціокультурної компетенції як основи міжкультурної комунікації
1.3. Розвиток пізнавального інтересу учнів на основі використання методів активного комунікативного навчання
1.4. Актуальність, суть та мета інтерактивного навчання
Розділ ІІ. Інтерактивні технології як ефективний засіб навчання англійської мови в середній школі.
2.1. Основні види інтерактивних технологій на уроках англійської мови
2.2. Впровадження інтерактивних технологій на уроках англійської мови
2.3. Вимоги до вчителя на уроках із застосуванням інтерактивних технологій
2.4. Методика організації та проведення уроків із застосуванням інтерактивних технологій
Висновки.
Список використаної літератури.
Додатки. _0інтерактивні технології, методика, комунікація |
||
| 650 | _aResearch Papers | ||
| 999 |
_c285403 _d285403 |
||
| 942 | _cBK | ||